Tây Du Ký Tập 10 Ăn trộm quả nhân sâm
Kaydedildi:
| Yazar: | |
|---|---|
| Materyal Türü: | Kitap |
| Dil: | Vietnamese |
| Etiketler: |
Etiketle
Etiket eklenmemiş, İlk siz ekleyin!
|
| Thư viện lưu trữ: | Mạng thư viện Đại học Đà Nẵng |
|---|
| LEADER | 00612nam a2200241 4500 | ||
|---|---|---|---|
| 001 | 000007997 | ||
| 003 | 4177 | ||
| 005 | 20111013141015.0 | ||
| 008 | 111013s viesd | ||
| 041 | 0 | |a vie | |
| 082 | |a 810 |b NG-K | ||
| 100 | 0 | |a Ngô Thừa Ân | |
| 245 | 1 | 0 | |a Tây Du Ký |c Ngô Thừa Ân |n Tập 10 |p Ăn trộm quả nhân sâm |
| 300 | |a 250tr. | ||
| 773 | |t Tây Du Ký |w 4173 | ||
| OWN | |a LSP | ||
| 999 | |a From the UDN01 | ||
| TYP | |a Monograph | ||
| TYP | |a Printed language | ||
| 980 | |a Mạng thư viện Đại học Đà Nẵng | ||